ARRUPE JESUIT UNIVERSITY

CORONAVIRUS -STOP THE SPREAD - CLEAN,DISINFECT,COVER

English--Sotho Sotho--English (Record no. 60459)

MARC details
000 -LEADER
fixed length control field 00623nam a2200217Ia 4500
003 - CONTROL NUMBER IDENTIFIER
control field 0100
005 - DATE AND TIME OF LATEST TRANSACTION
control field 20160211090054.0
008 - FIXED-LENGTH DATA ELEMENTS--GENERAL INFORMATION
fixed length control field 130303s9999 xx 000 0 und d
040 ## - CATALOGING SOURCE
Transcribing agency ARRUPELIB
050 ## - LIBRARY OF CONGRESS CALL NUMBER
Classification number REF PL8689.4.M856 1960
300 ## - PHYSICAL DESCRIPTION
Other physical details 15cm.
100 ## - MAIN ENTRY--PERSONAL NAME
Personal name Worija, Sesuto Book Depos
9 (RLIN) 22257
245 ## - TITLE STATEMENT
Title English--Sotho Sotho--English
245 ## - TITLE STATEMENT
Remainder of title pocket dictionary
260 ## - PUBLICATION, DISTRIBUTION, ETC. (IMPRINT)
Place of publication, distribution, etc Basutoland
260 ## - PUBLICATION, DISTRIBUTION, ETC. (IMPRINT)
Name of publisher, distributor, etc Morija Sesuto Book Depot
Date of publication, distribution, etc 1960
300 ## - PHYSICAL DESCRIPTION
Extent 128p.
650 ## - SUBJECT ADDED ENTRY--TOPICAL TERM
Topical term or geographic name as entry element Sotho language
General subdivision Dictionaries
-- English
9 (RLIN) 22258
650 ## - SUBJECT ADDED ENTRY--TOPICAL TERM
Topical term or geographic name as entry element English language
General subdivision Dictionaries
-- Sotho
9 (RLIN) 22259
942 ## - ADDED ENTRY ELEMENTS (KOHA)
Source of classification or shelving scheme Library of Congress Classification
Koha item type REFERENCE
Holdings
Withdrawn status Lost status Source of classification or shelving scheme Damaged status Not for loan Collection code Home library Current library Date acquired Total Checkouts Full call number Barcode Date last seen Copy number Price effective from Koha item type Shelving location
    Library of Congress Classification     Main Collection ARRUPE LIBRARY ARRUPE LIBRARY 05/03/2013   REF PL8689.4.M856 1960 46003092774 05/03/2013 1 05/03/2013 REFERENCE  
    Library of Congress Classification     REFERENCE ARRUPE LIBRARY ARRUPE LIBRARY 10/02/2016   REF PL8689.4.M856 1960 46500006825 10/02/2016 2 10/02/2016 REFERENCE Main Collection

 

Arrupe Library. PO Box MP320 Mt Pleasant, Harare, Zimbabwe
263 242 745411|librarian@aju.ac.zw